Least Populated Neighbors Quiz Stats

Quiz Updated Apr 25, 2018

Challenge
Share
Tweet
Embed
Score 0/52 Timer 07:00
2 Plays Today
Population Country % Correct
836Vatican City
92.6%
34,300,083Canada
83.1%
509,074Luxembourg
82%
85,082Andorra
81.3%
30,510Monaco
81.1%
36,713Liechtenstein
79%
32,140San Marino
78.7%
327,719Belize
71.1%
1,930,493Lesotho
69.9%
3,316,338Uruguay
69.6%
9,801,664Haiti
68.3%
560,157Suriname
68.3%
3,510,045Panama
68.3%
1,274,709Estonia
67.7%
4,707,270Norway
67.3%
24,589,122North Korea
67.3%
29,890,686Nepal
67.2%
6,541,591Paraguay
66.9%
6,586,266Laos
65.8%
10,781,459Portugal
65.7%
4,722,028Ireland
65.6%
5,543,453Denmark
65.4%
1,386,914Swaziland
65%
716,896Bhutan
62.4%
3,179,997Mongolia
61.9%
15,223,680Ecuador
61.5%
Population Country % Correct
3,090,150Oman
61%
6,090,646El Salvador
57.3%
1,951,591Qatar
57.2%
657,394Montenegro
55.8%
1,996,617Slovenia
55.6%
774,389Djibouti
55.6%
2,646,314Kuwait
55.5%
3,656,843Moldova
55.5%
6,961,049Togo
53.9%
408,786Brunei
53.4%
4,136,540Palestine
53%
6,310,129Papua New Guinea
51.8%
2,970,495Armenia
51.6%
5,483,088Slovakia
50.8%
4,140,289Lebanon
50.6%
1,840,454The Gambia
50%
10,557,259Burundi
47.5%
685,991Equatorial Guinea
44.7%
5,496,737Kyrgyzstan
43.3%
1,201,255Timor-Leste
42.8%
5,054,828Turkmenistan
41.4%
1,628,603Guinea-Bissau
41%
6,733,620Libya
40.2%
3,887,886Liberia
38.1%
2,098,018Botswana
35.6%
3,359,185Mauritania
33.2%

You're not logged in!

Compare scores with friends on all Sporcle quizzes.
Join for Free
OR
Log In

You Might Also Like...

Show Comments

Extras

Top Quizzes Today


Score Distribution

Your Account Isn't Verified!

In order to create a playlist on Sporcle, you need to verify the email address you used during registration. Go to your Sporcle Settings to finish the process.

Report this User

Report this user for behavior that violates our Community Guidelines.

Details: